000 00322 a2200133 4500
001 87599
082 _aN-3588
090 _c41054
_d41054
100 _aJunaid, Dr
245 _aoperational research [cd]
_pCAE9 Cds set
_bMTH601
260 _aLahore
_b2005
_cVirtual University
500 _aCD/DVD
520 _avideo library
942 _aCAE NUST
_kN-3588
999 _c322672
_d322672